000 00635cam a2200205u 4500
001 7878084
003 ARRUPE
005 20151021143316.0
008 810430s1946 nyu 000 0beng
010 _a 47001311
040 _aDLC
_cCarP
_dDLC
050 0 0 _aE302.6.F8
_bB43
100 1 _aBecker, Carl L.
_q(Carl Lotus),
_d1873-1945.
_920415
245 0 0 _aBenjamin Franklin,
_ba biographical sketch
260 _aIthaca, N.Y.,
_bCornell university press
_c[1946]
300 _axi,49 p.;
_c22 cm.
600 1 0 _aFranklin, Benjamin,
_d1706-1790.
_917618
906 _a0
_bcbc
_cpremunv
_du
_encip
_f19
_gy-gencatlg
942 _2lcc
_cMONOGRAPH
999 _c123574
_d123574